000 01144cam a22003134a 4500
999 _c5347
_d5347
001 13250144
003 OSt
005 20230201112130.0
008 030624s2001 enka b 001 0 eng
010 _a 2003447954
020 _a0748732845
040 _cDNLM
042 _apcc
050 0 0 _aRM161
_b.H684 2001
082 0 0 _aWF140 H81p 2000.
100 1 _aHough, Alexandra,
_92741
245 1 0 _aPhysiotherapy in Respiratory Care:
_bA problem-Solving approach to respiratory and cardiac management.
250 _a2nd ed.
260 _aUK;
_bStanley Thones Publishers LTD,
_c2000..
300 _axi,365 p. :
_bill. ;
_c23 cm.
500 _aPrevious ed.: London : Chapman & Hall, 1996 with subtitle: A problem-solving approach to respiratory and cardiac management.
504 _a"Annotated bibliography": p. 480-538.
504 _aIncludes bibliographical references and index.
650 0 _aRespiratory
_92742
650 0 _aPhysiotherapy.
_92407
906 _a7
_bcbc
_corigres
_d2
_encip
_f20
_gy-gencatlg
942 _2z
_cO_SHELF